书目信息 |
| 题名: |
消防安全管理与监督检查
|
|
| 作者: | 张慧 , 李星頔 著 | |
| 分册: | ||
| 出版信息: | 长春 吉林科学技术出版社 2022.08 |
|
| 页数: | 377页 | |
| 开本: | 26cm | |
| 丛书名: | ||
| 单 册: | ||
| 中图分类: | D631.6 | |
| 科图分类: | ||
| 主题词: | 消防--xiao fang--安全管理--中国 , 消防--xiao fang--监督--中国 | |
| 电子资源: | ||
| ISBN: | 978-7-5578-9392-7 | |
| 000 | 00973nam0 2200277 450 | |
| 001 | CAL 012022036582 | |
| 005 | 20230217093112.0 | |
| 010 | @a978-7-5578-9392-7@dCNY68.00 | |
| 100 | @a20221020d2022 em y0chiy0120 ea | |
| 101 | 0 | @achi |
| 102 | @aCN@b220000 | |
| 105 | @ay a 000yy | |
| 106 | @ar | |
| 200 | 1 | @a消防安全管理与监督检查@Axiao fang an quan guan li yu jian du jian cha@f张慧, 李星頔著 |
| 210 | @a长春@c吉林科学技术出版社@d2022.08 | |
| 215 | @a377页@d26cm | |
| 304 | @a封面题: 张慧, 李星頔主编 | |
| 320 | @a有书目 (第376-377页) | |
| 330 | @a本书主要内容包括: 消防基础知识、建筑防火检查、建筑消防设施的维护管理、消防安全重点管理、消防控制室的管理与操作、消防安全管理、特殊场所消防安全管理等。 | |
| 606 | 0 | @a消防@Axiao fang@x安全管理@y中国 |
| 606 | 0 | @a消防@Axiao fang@x监督@y中国 |
| 690 | @aD631.6@v5 | |
| 701 | 0 | @a张慧@Azhang hui@4著 |
| 701 | 0 | @a李星頔@Ali xing di@4著 |
| 801 | 0 | @aCN@bBJXHZP@c20230228 |
| 905 | @b1386034-7@dD631.6@e448@f4 | |
| 消防安全管理与监督检查/张慧, 李星頔著.-长春:吉林科学技术出版社,2022.08 |
| 377页;26cm |
| ISBN 978-7-5578-9392-7:CNY68.00 |
| 本书主要内容包括: 消防基础知识、建筑防火检查、建筑消防设施的维护管理、消防安全重点管理、消防控制室的管理与操作、消防安全管理、特殊场所消防安全管理等。 |
| ● |
| 相关链接 |
|
|
|
|
正题名:消防安全管理与监督检查
索取号:D631.6/448
 
预约/预借
| 序号 | 登录号 | 条形码 | 馆藏地/架位号 | 状态 | 备注 |
| 1 | 1386034 | 213860348 | 第一样本阅览室/ [索取号:D631.6/448] | 在馆 | |
| 2 | 1386035 | 213860357 | 第一借阅区/ [索取号:D631.6/448] | 在馆 | |
| 3 | 1386036 | 213860366 | 第一借阅区/ [索取号:D631.6/448] | 在馆 | |
| 4 | 1386037 | 213860375 | 第一借阅区/ [索取号:D631.6/448] | 在馆 |